Let's enjoy poetry ; an anthology of children's verse for grades 4, 5, and 6, with suggestions for teaching /

Bibliographic Details
Main Author: Hughes, Rosalind
Format: Book
Language:English
Published: Boston : Houghton Mifflin, [1961]
Subjects:

MARC

Tag First Indicator Second Indicator Subfields
LEADER 00000cam a2200000 4500
001 in00000182012
005 20151008083234.0
008 780615s1961 mau 00010 eng d
035 |a (OCoLC)03976135 
035 |9 AAT7012AM 
040 |a JNA  |c JNA  |d TXA  |d UtOrBLW 
049 |a TXAM  |c [950744] 
090 |a PN6110.C4  |b H845 
100 1 |a Hughes, Rosalind. 
245 1 0 |a Let's enjoy poetry ;  |b an anthology of children's verse for grades 4, 5, and 6, with suggestions for teaching /  |c Selected and arranged by Rosalind Hughes assisted by Eleanor Boyce and Aileen Garland. 
264 1 |a Boston :  |b Houghton Mifflin,  |c [1961] 
264 4 |c [©1961] 
300 |a 298 pages 
336 |a text  |b txt  |2 rdacontent 
337 |a unmediated  |b n  |2 rdamedia 
338 |a volume  |b nc  |2 rdacarrier 
650 0 |a Children's poetry. 
650 0 |a Choral recitations. 
650 0 |a Poetry  |x Study and teaching. 
999 |a MARS 
999 f f |s 8c3081e9-ddd6-32d6-bbae-82fb3577c63c  |i 8656d07b-c0c9-32ce-9b27-6989aaad35f1  |t 0 
952 f f |p ric  |a Texas A&M University  |b Rellis Campus  |c Joint Library Facility  |d Remote Storage  |t 0  |e PN6110.C4 H845  |h Library of Congress classification  |i unmediated -- volume  |m A14803736495 
998 f f |a PN6110.C4 H845  |t 0  |l Remote Storage